|
|
|
|
| LEADER |
01490nam#a2200457#a#4500 |
| 001 |
010592 |
| 003 |
AR-BeUNQ |
| 005 |
20190711085755.0 |
| 008 |
950802s1989####mx##################spa#d |
| 999 |
|
|
|c 13008
|d 88395
|
| 020 |
|
|
|a 9681630130
|
| 040 |
|
|
|a AR-beUNQ
|e aacr
|
| 099 |
|
|
|a 13-S1
|
| 100 |
1 |
|
|a Super, John C
|
| 245 |
0 |
0 |
|a Alimentación, política y sociedad en América Latina
|c John C Super ; Thomas C Wrigth.
|
| 260 |
|
|
|a México, DF :
|b Fondo de Cultura Económica,
|c 1989
|
| 300 |
|
|
|a 292 p
|
| 490 |
0 |
|
|a Economía Latinoamericana
|
| 650 |
|
7 |
|a REGIMEN ALIMENTARIO
|2 Spines
|
| 650 |
|
7 |
|a PLANIFICACION ALIMENTARIA
|2 Spines
|
| 650 |
|
7 |
|a POLITICA ALIMENTARIA
|2 Spines
|
| 650 |
|
7 |
|a ECONOMIA DE LA ALIMENTACION
|2 Spines
|
| 650 |
|
7 |
|a PRODUCCION AGRICOLA
|2 Spines
|
| 650 |
|
7 |
|a REFORMA AGRARIA
|2 Spines
|
| 650 |
|
7 |
|a AGRICULTURA DE SUBSISTENCIA
|2 Spines
|
| 650 |
|
7 |
|a DESARROLLO AGRICOLA
|2 Spines
|
| 650 |
|
7 |
|a AYUDA ALIMENTARIA
|2 Spines
|
| 650 |
|
7 |
|a POLITICA AGRARIA
|2 Spines
|
| 650 |
|
7 |
|a CAMBIO TECNOLOGICO
|2 Spines
|
| 650 |
|
7 |
|a BIOTECNOLOGIA
|2 Spines
|
| 651 |
|
7 |
|a AMERICA LATINA
|2 toit
|
| 651 |
|
7 |
|a PUERTO RICO
|2 Spines
|
| 651 |
|
7 |
|a COLOMBIA
|2 Spines
|
| 651 |
|
7 |
|a BRASIL
|2 Spines
|
| 651 |
|
7 |
|a CUBA
|2 Spines
|
| 651 |
|
7 |
|a NICARAGUA
|2 Spines
|
| 651 |
|
7 |
|a ESTADOS UNIDOS
|2 toit
|
| 700 |
1 |
|
|a Wrigth, Thomas C
|
| 929 |
|
|
|a COMPRA
|b FCE
|c Exp. 827-0488/95
|d 17,71
|e 19950728
|j 12277
|
| 929 |
|
|
|a COMPRA
|b FCE
|c Exp. 827-0488/95
|d 17,71
|e 19950728
|j 12278
|
| 942 |
|
|
|c LIB
|n 0
|